Music Quiz

Random Music Quiz

Superman Actions Quiz Stats

 Plays Quiz not verified by Sporcle

Score 0/13 Timer 02:00
0 Plays Today
Order Action % Correct
7Ski
85.7%
8Spray
85.7%
5Go for a walk
76.2%
11Ring the bell
76.2%
13Comb your hair
66.7%
6Swim
61.9%
3Hitch a ride
57.1%
4Sneeze
57.1%
9Macho man
52.4%
2Wave your hands
47.6%
10Sound your horn
47.6%
12Kiss
47.6%
1Sleep
42.9%

You're not logged in!

Compare scores with friends on all Sporcle quizzes.
OR
Log In

Show Comments

Extras

Top Quizzes Today


Score Distribution

Your Account Isn't Verified!

In order to create a playlist on Sporcle, you need to verify the email address you used during registration. Go to your Sporcle Settings to finish the process.

Report this User

Report this user for behavior that violates our Community Guidelines.

Details: